000 00498cam a22001337a 4500
008 180718b1962 xxu||||| |||| 00| 0 eng d
082 _aB3x561 In7
100 _aAlden, Mehmet
245 _aSehirlesme hareketlerinin duzenlenmesi bakimindan Belcika ve Turkiye
_cby By Mehmet Aldan
260 _aAnkara
_bInstitute of Public Administration for Turkey and the Middle East
_c1962
300 _a13 pts in 1
500 _a(Part of the pamphlets bound to gather)
650 _aPublic Administration - Turkey
999 _c370709
_d370709